| 000 | 00958nam a22003010a 4500 | ||
|---|---|---|---|
| 001 | PT49154 | ||
| 003 | AR-LpoUNG | ||
| 005 | 20210131231240.0 | ||
| 008 | 191001s2012||||ag |||||||||||||||||spa d | ||
| 020 |
_a9789871407477 _c$ |
||
| 040 |
_aAR-LpoUNG _bspa _cAR-LpoUNG _eaacr |
||
| 041 | _aspa | ||
| 044 | _aag | ||
| 082 | 0 | _aA863 869arg | |
| 100 | 1 |
_aDuhalde, Eduardo Luis _epres. |
|
| 245 | 1 | 0 |
_aArgentina igualitaria : _brelatos de una construcción : cuentos del Concurso de literatura para jóvenes sobre derechos humanos |
| 250 | _a1ra. ed. | ||
| 260 |
_aBuenos Aires : _bSecretaría de Derechos Humanos, _c2012. |
||
| 300 |
_a83 p. : _bil., fot. |
||
| 650 | 4 | _aARGENTINA | |
| 650 | 4 | _aCUENTOS | |
| 650 | 4 | _aDERECHOS HUMANOS | |
| 650 | 4 | _aLITERATURA | |
| 651 | 4 | _aDOCUMENTOS TEORICOS O METODOLOGICOS | |
| 710 | 2 | _aArgentina. Ministerio de Justicia y Derechos Humanos. Secretaría de Derechos Humanos | |
| 905 | _a49154 | ||
| 942 | _cLSALA | ||
| 999 |
_c8923 _d8923 |
||